Karibské tajomstvo

Bibliographic Details
Main Author: Christie, Agatha, 1890-1976 (Author)
Other Authors: Redererová, Veronika, 1949- (Translator)
Format: Book
Language:Slovak
English
PhysicalDescription:181 s. 21 cm
Published: Bratislava Slovenský spisovateľ 2017
ISBN:9788022019675
Series:Zelená knižnica
Subjects:

MARC

LEADER 00000cam a2200000 a 4500
001 vtls011631253
003 SK-MaSNL
005 20260301043312.0
008 240318s2017 xo g 010 f slo
015 |a SNBA2017/08 
020 |a 9788022019675  |q (viaz.) 
035 |a urn:nbn:sk:snk-am00cxl6 
035 |a urn:nbn:sk:snk-am3hel8 
035 |a BC8E32BD-1FA1-40E6-A1D3-94312977DB8B 
040 |a SNK  |b slo  |c SNK  |e AACR2 
041 1 |a slo  |h eng 
044 |a xo  |c SK 
072 7 |a 821.111-3  |x Anglická próza, anglicky písaná  |2 konspekt 
080 |a 821.111-31  |2 2011 
080 |a (0:82-312.4)  |2 2011 
100 1 |a Christie, Agatha,  |d 1890-1976  |4 aut  |9 88099 
240 1 2 |a A Caribbean Mystery  |l Slovensky 
245 1 0 |a Karibské tajomstvo  |c Agatha Christie ; [z anglického originálu preložila Veronika Redererová] 
260 |a Bratislava  |b Slovenský spisovateľ  |c 2017 
300 |a 181 s.  |c 21 cm 
490 1 |a Zelená knižnica 
655 7 |a anglické romány  |2 SNKPH  |9 70428 
655 7 |a detektívne romány  |2 SNKPH  |9 70455 
655 7 |a English fiction  |2 SNKPHeng  |9 109944 
655 7 |a Detective novels  |2 SNKPHeng  |9 121444 
700 1 |a Redererová, Veronika,  |d 1949-  |4 trl  |9 245420 
830 0 |a Zelená knižnica  |9 276858 
852 |a Štátna vedecká knižnica v Banskej Bystrici 
919 |a 978-80-220-1967-5 
958 |a LX 
958 |a UP 
968 |b ENG 
999 |c 593232  |d 595162 
952 |a SNK  |b SNK  |y PREZ  |7 0  |p 17A1259656  |o snkSC 174900  |i snk2017/12875  |8 0  |0 0  |1 0  |4 0  |d 2017-06-02  |f 1  |l 0  |r 2025-09-16 00:00:00  |w 2026-02-23 
952 |a SNK  |b SNK  |y PREZ  |7 0  |p 17A1259889  |o snkSC 174900 D1  |i snk2017/13059  |8 0  |0 0  |1 0  |4 0  |d 2017-06-05  |l 0  |r 2026-02-23 15:30:42  |w 2026-02-23